| 000 | 01115nam0a2200313 4500 | ||
|---|---|---|---|
| 001 | RU\NLR\bibl\899964 | ||
| 005 | 20250614175653.0 | ||
| 010 |
_a5-902262-23-2 _9500 |
||
| 021 |
_aRU _b2005-62703 _93078 |
||
| 035 | _a(NLR Aleph) 000888404 | ||
| 090 |
_a1702895 _c1702895 |
||
| 100 | _a20060125d2005 |||y0rusy50 ca | ||
| 101 | 0 | _arus | |
| 102 | _aRU | ||
| 105 | _ac ||||||||| | ||
| 200 | 1 |
_aСцены из московской жизни _eрассказы (1955-2005 гг.) _fНиколай Кукуй |
|
| 210 |
_aМосква _cРоссийский писатель _d2005 |
||
| 215 |
_a60, [2] с. _cпортр. _d20 |
||
| 327 | 1 | _aСодерж.: разделы: Период реформ; Период перестройки; Период застоя; Послевоенный период | |
| 686 | _aШ6(2=Р)75-440.5 | ||
| 700 | 1 |
_aКукуй _bН. М. _gНиколай Матвеевич _4070 |
|
| 801 | 0 |
_aRU _bNLR _c20060125 _grcr |
|
| 801 | 1 |
_aRU _bNLR _c20060125 |
|
| 830 | _aАвт. по кн. | ||
| 942 | _cBOOK | ||
| 980 | _aNB | ||